| 000 | 00334nam a2200121Ia 4500 | ||
|---|---|---|---|
| 008 | 210210b1982 xxu||||| |||| 00| 0 eng d | ||
| 082 | _a001.64 CROC | ||
| 100 | _aCROSS (T) and QUICKFALL (M). | ||
| 245 | _aComputers study and revision. | ||
| 260 |
_aGlasgown _bCollins Educational _c1982 |
||
| 690 | _aComputer Science | ||
| 906 | _a041934 | ||
| 999 |
_c91772 _d91772 |
||